000 01369cam a2200277 a 4500
001 32894
003 BD-RjUL
005 20211209051918.0
008 140428s1977 pk b 001 0 eng d
035 _a(OCoLC)13176332
035 _a(BD-RjUL)32984
040 _aFGM
_cFGM
_dOCLCQ
_dBD-RjUL
_beng
041 _aeng
082 0 4 _a297.3
_bMAP 1977
100 1 _aMacnaghten, W. H.
_q(William Hay),
_d1793-1841.
_999999
245 1 0 _aPrinciples and precedents of Moohummudan law :
_ba selection of legal opinions ... with illustrative and explanatory notes and preliminary remarks /
_cby W H Macnaghten, Sir; William Sloan.
260 _aLahore :
_bLaw Pub. Co.,
_c1977.
300 _alix, 556, xxvi pages ;
_c 23 cm
500 _a"With additional notes and appendix containing questions for students and an alphabetical digest of principles of decisions on the law and customs, relating to Moohummudans, by the Privy Council and Supreme and Sudder Courts of Madras, Calcutta, Bombay and the North Western Provinces, from 1793 to 1859, selected from the latest published reports. By William Sloan."
504 _aIncludes bibliographical references and index.
650 0 _aIslamic law
_xInterpretation and construction.
_9100000
650 0 _aIslamic law
_zIndia.
_9100001
700 1 _aSloan, William.
_9100002
942 _2ddc
_cBK
999 _c32894
_d32894